[Event "GRE-ch U16"]
[Site "Panellhnia"]
[Date "2005.??.??"]
[Round "5"]
[White "Diloudi, Despoina"]
[Black "Stvrianakis, Ioannis"]
[Result "0-1"]
[WhiteElo "1765"]
[BlackElo "1870"]
[PlyCount "126"]
[EventDate "2005.??.??"]
[EventType "swiss"]
[EventRounds "9"]
[EventCountry "GRE"]
[SourceTitle "EXT 2007"]
[Source "ChessBase"]
[SourceDate "2006.11.23"]
[SourceVersion "1"]
[SourceVersionDate "2006.11.23"]
[SourceQuality "1"]

1. d4 e6 2. c4 Nf6 3. Nc3 d5 4. Bg5 Be7 5. e3 Nbd7 6. Nf3 0-0 7. Rc1 b6 8. cxd5 exd5 9. Bd3 Bb7 10. 0-0 c5 11. Bf5 g6 12. Bh3 Re8 13. Bf4 Nh5 14. dxc5 Nxf4 15. exf4 Nxc5 16. Nb5 a6 17. Nbd4 Bf6 18. b4 Ne4 19. Re1 Qd6 20. b5 Qxf4 21. Re2 Ng5 22. Rxe8+ Rxe8 23. Bd7 Nxf3+ 24. Nxf3 Re7 25. Bc6 axb5 26. Bxb7 Rxb7 27. Rc8+ Kg7 28. Qxd5 Rc7 29. Rxc7 Qxc7 30. g3 Qc5 31. Qd7 Qc4 32. Qa7 Qc6 33. Qa3 Qe4 34. Qb3 b4 35. Kg2 h6 36. Qe3 Qc6 37. Kg1 b5 38. Nd4 Qc4 39. Nb3 Qc2 40. Qd2 Qb1+ 41. Kg2 Qe4+ 42. Kg1 Bc3 43. Qd1 Bb2 44. Nc5 Qa8 45. Qb3 Qa3 46. Kg2 Bd4 47. Nd3 Bc3 48. Qc2 Qa8+ 49. Kg1 Qe4 50. Qd1 h5 51. h4 Qd5 52. Qc2 Qf3 53. a3 Bd4 54. axb4 Qxg3+ 55. Kf1 Qxh4 56. Qc6 Qh3+ 57. Ke2 Qe6+ 58. Qxe6 fxe6 59. Kf3 Kf6 60. Ke4 Bc3 61. f4 h4 62. Kf3 Kf5 63. Ne5 Bxe5 0-1